Devinez le Pays Mystère #114 - Statistiques

Statistiques générales
  • Ce quiz a été pris 335 fois
  • Le résultat moyen est 9 sur 11
Statistiques - réponses
Type de Réponse Réponse % Correct
Lettre Trouvée E
94%
Lettre Bien Placée E
92%
Lettre Trouvée C
88%
Lettre Trouvée R
83%
Lettre Trouvée G
76%
Lettre Bien Placée G
75%
Lettre Trouvée È
74%
Lettre Bien Placée È
73%
Lettre Bien Placée C
70%
Pays Mystère Grèce
70%
Lettre Bien Placée R
70%
Aucun quiz correspondant
Distribution des résultats
% des personnes avec chaque résultat
Percentile par nombre de réponses
Votre historique - résultats
Vous n’avez pas pris ce quiz